| 000 | 00394 a2200157 4500 | ||
|---|---|---|---|
| 001 | 150218 | ||
| 040 | _cEscola São Tomás de Aquino | ||
| 100 | _aBIANCHINE, Edwaldo | ||
| 240 | 1 | 0 |
_aSistema de numeração ao longo da história _lpor |
| 245 | 1 | 0 | _aSistema de numeração ao longo da história |
| 300 | _a64 | ||
| 362 | 0 | _a1997 | |
| 440 | 1 | _aModerna | |
| 697 | _aMATEMÁTICA | ||
| 942 | _cBK | ||
| 999 |
_c150218 _d150218 |
||